Методологические проблемы дистанционного инженерного образования; Технический университет: дистанционное инженерное образование

Dettagli Bibliografici
Parent link:Технический университет: дистанционное инженерное образование.— 1998.— С. 4-5
Autore principale: Агранович Б. Л. Борис Львович
Altri autori: Чудинов В. Н. Владимир Николаевич
Lingua:russo
Pubblicazione: 1998
Soggetti:
Natura: Capitolo di libro
KOHA link:https://koha.lib.tpu.ru/cgi-bin/koha/opac-detail.pl?biblionumber=49556

MARC

LEADER 00000naa2a2200000 4500
001 49556
005 20231031032621.0
035 |a (RuTPU)RU\TPU\book\51877 
035 |a RU\TPU\tpu\9923 
090 |a 49556 
100 |a 20030402d1998 k y0rusy50 ca 
101 0 |a rus 
102 |a RU 
200 1 |a Методологические проблемы дистанционного инженерного образования  |f Б. Л. Агранович, В. Н. Чудинов 
463 1 |0 (RuTPU)RU\TPU\book\8002  |t Технический университет: дистанционное инженерное образование  |o труды Международной научно-практической конференции, 11-13 мая 1998 г., г. Томск  |f Томский политехнический университет ; Технический университет: дистанционное инженерное образование ; под ред. Ю. П. Похолков  |i Секция 1. Методологические проблемы становления и развития дистанционного инженерного образования  |v С. 4-5  |d 1998  |p 126 с. 
610 1 |a труды учёных ТПУ 
675 |a 62(063)  |v 3 
700 1 |a Агранович  |b Б. Л.  |c специалист в области радиотехники  |c профессор Томского политехнического университета, кандидат технических наук  |c "Заслуженный работник высшей школы", член-корреспондент Международной Академии  |f 1938-  |g Борис Львович  |2 stltpush  |3 (RuTPU)RU\TPU\pers\22706 
701 1 |a Чудинов  |b В. Н.  |c российский ученый в области автоматизированных систем управления  |c доцент Томского политехнического университета  |f 1941-  |g Владимир Николаевич  |2 stltpush  |3 (RuTPU)RU\TPU\pers\18594 
801 1 |a RU  |b 63413507  |c 20021023  |g PSBO 
801 2 |a RU  |b 63413507  |c 20111201  |g PSBO 
942 |c BK